Rock argentino por imágenes - Estadísticas

Estadísticas generales
  • Esta prueba ha sido intentada 351 veces
  • La puntuación promedio es 12 de 18
Estadísticas de respuestas
Imagen Respuesta % Correcto
Charly García
99%
Gustavo Cerati
98%
Luis Alberto Spinetta
95%
Fito Páez
92%
"Indio" Solari
88%
Pappo
84%
Andrés Ciro Martínez
81%
Luca Prodan
74%
Fabiana Cantilo
72%
Ricardo Mollo
61%
Federico Moura
54%
León Gieco
52%
Miguel Abuelo
50%
Pedro Aznar
50%
David Lebón
49%
Miguel Cantilo
48%
Oscar Moro
33%
Lito Nebbia
27%
No se encontraron pruebas coincidentes
Distribución de puntuación
Porcentaje de gente con cada puntuación
Porcentaje por número respondido
Historial de tus puntuaciones
No has intentado esta prueba.